Statistiques concernant Cocorico! n°2

Cliquez ici pour prendre le quiz!

Statistiques générales

  • Ce quiz a été pris 125 fois
  • Le résultat moyen est 6 sur 10

Statistiques - réponses

QuestionsRéponses% Correct
Quel est le plus grand musée d'art au monde?Louvre
97%
Quelle ville française abrite notamment le Parlement européen?Strasbourg
89%
Quelle avenue est considérée comme la plus belle au monde?Champs-Elysées
87%
Quelle scientifique fut récompensée par un prix Nobel pour ses travaux sur le polonium et le radium?Marie Curie
87%
Quelle femme est à ce jour l'humain ayant vécu le plus longtemps?Jeanne Calment
70%
Quelle est l'entreprise de cosmétiques qui réalise le plus gros chiffre d'affaires au monde?L'Oréal
67%
Quel marquis contribua à l'indépendance des Etats-Unis?Marquis de Lafayette
60%
Quel tennisman a joué le match le plus long de l'histoire contre l'Américain John Isner?Nicolas Mahut
29%
Quel chef cuisinier (aujourd'hui décédé) cumulait le plus grand nombre d'étoiles au guide Michelin?Joël Robuchon
27%
Quel intellectuel découvrit les lois de réfraction et de réflexion de la lumière?René Descartes
23%

Distribution des résultats

Percentile par nombre de réponses

% des personnes avec chaque résultat

Votre développement - résultats

Vous n’avez pas pris ce quiz